=LDR 00000nam 2200000 4500 =001 INLIS000000000046882 =005 20150525112435.0 =006 =007 =008 =020 ##$$a 978-602-03-1060-2 =035 ##$$0010-051500000000141 =040 ##$$a NBPDMAT =082 ##$$a 351.003 5 =090 ##$$a 351.003 5 $b Men m =245 ##$$a Menebar kebaikan bagi lingkungan : $b kumpulan pidato ibu negara RI 2013 / $c editor, Yulia Akayanti =260 ##$$a Jakarta : $b Gramedia, $c 2014 =300 ##$$a 419 hlm. : $c 21 cm. =650 ##$$a Presiden-Ibu Negara-Pidato dll =990 ##$$a 31500339